Philosophical foundations of the three sociologies

Αποθηκεύτηκε σε:
Λεπτομέρειες βιβλιογραφικής εγγραφής
Κύριος συγγραφέας: Benton, Ted
Μορφή: Βιβλίο
Γλώσσα:English
Δημοσίευση: London : Routledge and Kegan Paul, 1978
Σειρά:International library of sociology
Θέματα:
Ετικέτες: Προσθήκη ετικέτας
Δεν υπάρχουν, Καταχωρήστε ετικέτα πρώτοι!

MARC

LEADER 00000nam a2200000 i 4500
001 1/29951
008 950407s1978 eng d
020 |a 0710085931 
035 |l 10023315 
040 |a GR-MY-UA  |b gre  |e aacr 
041 0 |a eng 
082 0 |a 301.01 
100 1 |a Benton, Ted. 
245 1 0 |a Philosophical foundations of the three sociologies 
260 |a London :   |b Routledge and Kegan Paul,   |c 1978 
300 |a 225 p. 
490 1 |a International library of sociology 
650 0 0 |a Sociology  |x History. 
650 0 0 |a Philosophy, Modern  |x History. 
830 0 |a International library of sociology 
852 |a INST  |b CHIOS  |e 19950407  |h 301.01 BEN  |p 005200006567  |q 005200006567  |t BK  |y 0 
909 |a Χ  |b 001601